000 00160nam a2200061Ia 4500
999 _c10536
_d10536
003 OSt
005 20230427084430.0
008 170523s9999 xx 000 0 und d
040 _cIIMT UNIVERSITY MEERUT
100 _aLEVINE DAVID M
245 0 _aSTATISTICS MANAGERS
260 _aNEW DELHI
_bPHI
_c2011
300 _a858
942 _2ddc
_c02